<?xml version="1.0" encoding="UTF-8"?><?xml-stylesheet type="text/xsl" href="static/style.xsl"?><OAI-PMH xmlns="http://www.openarchives.org/OAI/2.0/" xmlns:xsi="http://www.w3.org/2001/XMLSchema-instance" xsi:schemaLocation="http://www.openarchives.org/OAI/2.0/ http://www.openarchives.org/OAI/2.0/OAI-PMH.xsd"><responseDate>2026-06-29T02:06:15Z</responseDate><request verb="GetRecord" identifier="oai:docta.ucm.es:20.500.14352/104215" metadataPrefix="marc">https://docta.ucm.es/rest/oai/request</request><GetRecord><record><header><identifier>oai:docta.ucm.es:20.500.14352/104215</identifier><datestamp>2025-03-18T14:58:50Z</datestamp><setSpec>com_20.500.14352_14</setSpec><setSpec>col_20.500.14352_15</setSpec></header><metadata><record xmlns="http://www.loc.gov/MARC21/slim" xmlns:dcterms="http://purl.org/dc/terms/" xmlns:xsi="http://www.w3.org/2001/XMLSchema-instance" xmlns:doc="http://www.lyncode.com/xoai" xsi:schemaLocation="http://www.loc.gov/MARC21/slim http://www.loc.gov/standards/marcxml/schema/MARC21slim.xsd">
   <leader>00925njm 22002777a 4500</leader>
   <datafield ind2=" " ind1=" " tag="042">
      <subfield code="a">dc</subfield>
   </datafield>
   <datafield ind2=" " ind1=" " tag="720">
      <subfield code="a">González Castán, Óscar Lucas</subfield>
      <subfield code="e">author</subfield>
   </datafield>
   <datafield ind2=" " ind1=" " tag="260">
      <subfield code="c">2011</subfield>
   </datafield>
   <datafield ind2=" " ind1=" " tag="520">
      <subfield code="a">Son muchas las cuestiones que en la reflexión epistemológica contemporánea se han ido acumulando en torno a la doctrina coherentista de la verdad y la justificación. En este artículo propongo un conjunto de distinciones sistemáticamente organizadas para orientarse en la forma en que todos estos problemas encajan entre sí. Fundamentalmente estas distinciones tiene que ver con los aspectos descriptivos y prescriptivos que tienen las siguientes preguntas: ¿Cuál ha sido la creencia que pide paso en nuestro sistema de creencias? ¿Es racional aceptarla? ¿Cómo se ha realizado lógicamente la acomodación de la nueva creencia? ¿Se ha hecho siguiendo procedimientos racionales fiables? ¿Cómo se ha formado de hecho el sistema de creencias del que partimos? ¿Ha sido racional este proceso de formación? ¿Qué estructura tiene nuestro sistema de creencias? ¿Podemos revisar racionalmente esta estructura? ¿Es verdadero o racional el sistema de creencias resultante?</subfield>
   </datafield>
   <datafield ind2=" " ind1=" " tag="520">
      <subfield code="a">In the  contemporary  epistemological  reflection there have been a large number of issues that  have  grown  around  coherentist  theories  of  truth and justification. In this paper I shall propose several distinctions that have been systematically organized  and  that  could  help  us  as  a  guide  to  see how all these problems fit together and are intertwined.  Basically  all  these  distinctions  have  to  do  with  the  descriptive  and  normative  aspects  that  have  the  following  questions:  What  is  the  belief that has knocked on the door of our belief system?  Is  it  rational  to  accept  such  a  belief?  Which have been the logical procedures that have been  used  to  accommodate  the  new  belief?  Are  these processes reliable or rational? How have we built  the  system  of  belief  from  which  we  start?  Has  been  this  process  rational?  What  structure  has our belief system? Could we revise rationally such a structure? Is the resulting system of beliefs truth or rational?</subfield>
   </datafield>
   <datafield ind1="8" ind2=" " tag="024">
      <subfield code="a">González-Castán, Óscar L. (2011). “Cuestiones sobre coherentismo: Una visita guiada”, Daímon. Revista Internacional de Filosofía, Suplemento 4, pp. 149-158.</subfield>
   </datafield>
   <datafield ind1="8" ind2=" " tag="024">
      <subfield code="a">1130-0507</subfield>
   </datafield>
   <datafield ind1="8" ind2=" " tag="024">
      <subfield code="a">10.6018/daimon</subfield>
   </datafield>
   <datafield ind1="8" ind2=" " tag="024">
      <subfield code="a">https://hdl.handle.net/20.500.14352/104215</subfield>
   </datafield>
   <datafield ind1="8" ind2=" " tag="024">
      <subfield code="a">1989-4651</subfield>
   </datafield>
   <datafield ind1="8" ind2=" " tag="024">
      <subfield code="a">https://doi.org/10.6018/daimon</subfield>
   </datafield>
   <datafield ind1="8" ind2=" " tag="024">
      <subfield code="a">https://revistas.um.es/daimon/article/view/152241</subfield>
   </datafield>
   <datafield ind2="0" ind1="0" tag="245">
      <subfield code="a">Cuestiones sobre coherentismo: una visita guiada</subfield>
   </datafield>
</record></metadata></record></GetRecord></OAI-PMH>